Geneticss
| Main Author: | |
|---|---|
| Format: | Book |
| Published: |
New York :
Macmillan ,
1985
|
| Edition: | 3rd ed. |
| Subjects: |
MARC
| LEADER | 00000cam a2200000 7i4500 | ||
|---|---|---|---|
| 001 | 0000000849 | ||
| 005 | 20001016.0 | ||
| 020 | 0 | 0 | |a 002418120X |
| 090 | 0 | 0 | |a 576.5 |b STR 1985 |
| 100 | 1 | 0 | |a STRICKBERGER |h Monroe W. |
| 245 | 1 | 0 | |a Geneticss |c Monroe W. Strickberger |
| 250 | 0 | 0 | |a 3rd ed. |
| 260 | 0 | 0 | |a New York : |b Macmillan , |c 1985 |
| 300 | |a xxi, 842 p. : |b ill. ; |c 27 cm. | ||
| 500 | 0 | 0 | |a Includes bibliographical references and index |
| 650 | 0 | 0 | |a Genetics |
| 999 | |a 0000000100 |b Monograph |c Open Shelf |e Default branch | ||